Principles of hotel front office operations : (Record no. 14420)
[ view plain ]
| 000 -LEADER | |
|---|---|
| fixed length control field | 00724nam a2200217 a 4500 |
| 003 - CONTROL NUMBER IDENTIFIER | |
| control field | PILC |
| 005 - DATE AND TIME OF LATEST TRANSACTION | |
| control field | 20150112093432.0 |
| 008 - FIXED-LENGTH DATA ELEMENTS--GENERAL INFORMATION | |
| fixed length control field | 100719s19uu xx 00 eng d |
| 020 ## - INTERNATIONAL STANDARD BOOK NUMBER | |
| International Standard Book Number | 0304327298 |
| 050 ## - LIBRARY OF CONGRESS CALL NUMBER | |
| Classification number | TX 911.3.F75 |
| Item number | .B35 1994 |
| 082 ## - DEWEY DECIMAL CLASSIFICATION NUMBER | |
| Classification number | HSF 647.94068 |
| Item number | B17 1994 |
| 100 ## - MAIN ENTRY--PERSONAL NAME | |
| Personal name | Baker, Sue |
| 9 (RLIN) | 11029 |
| 245 ## - TITLE STATEMENT | |
| Title | Principles of hotel front office operations : |
| Remainder of title | a study guide / |
| Statement of responsibility, etc | Sue Baker, Pam Bradley and Jeremy Huyton |
| 260 ## - PUBLICATION, DISTRIBUTION, ETC. (IMPRINT) | |
| Place of publication, distribution, etc | Strand, London : |
| Name of publisher, distributor, etc | Cassell Wellington House, |
| Date of publication, distribution, etc | 1994. |
| 300 ## - PHYSICAL DESCRIPTION | |
| Extent | 289 pages : |
| Other physical details | illustration ; |
| Dimensions | 25 cm. |
| 650 ## - SUBJECT ADDED ENTRY--TOPICAL TERM | |
| Topical term or geographic name as entry element | Hotel front desk personnel |
| 9 (RLIN) | 12283 |
| 650 ## - SUBJECT ADDED ENTRY--TOPICAL TERM | |
| Topical term or geographic name as entry element | Hotel management |
| 9 (RLIN) | 11048 |
| 700 ## - ADDED ENTRY--PERSONAL NAME | |
| Personal name | Bradley, Pam |
| 9 (RLIN) | 11032 |
| 700 ## - ADDED ENTRY--PERSONAL NAME | |
| Personal name | Huyton, Jeremy |
| 9 (RLIN) | 11031 |
| 942 ## - ADDED ENTRY ELEMENTS (KOHA) | |
| Source of classification or shelving scheme | Library of Congress Classification |
| Koha item type | Books |
| Withdrawn status | Lost status | Source of classification or shelving scheme | Damaged status | Home library | Current library | Shelving location | Date acquired | Total Checkouts | Full call number | Barcode | Date last seen | Copy number | Price effective from | Koha item type |
|---|---|---|---|---|---|---|---|---|---|---|---|---|---|---|
| Library of Congress Classification | Southville International School Affiliated with Foreign Universities Library | Southville International School Affiliated with Foreign Universities Library | Southville Foreign University Section | 08/22/2013 | TX 911.3.F75 .B35 1994 | SFU0518 | 05/15/2018 | 1 | 08/22/2013 | Books | ||||
| Library of Congress Classification | Southville International School Affiliated with Foreign Universities Library | Southville International School Affiliated with Foreign Universities Library | Southville Foreign University Section | 08/22/2013 | TX 911.3.F75 .B35 1994 | SFU0519 | 05/15/2018 | 2 | 08/22/2013 | Books | ||||
| Library of Congress Classification | Southville International School Affiliated with Foreign Universities Library | Southville International School Affiliated with Foreign Universities Library | Southville Foreign University Section | 08/22/2013 | TX 911.3.F75 .B35 1994 | SFU0520 | 05/15/2018 | 3 | 08/22/2013 | Books |